The innovation secrets of Steve Jobs : (Record no. 4808)

000 -LEADER
fixed length control field 01117nam a2200325 a 4500
003 - CONTROL NUMBER IDENTIFIER
control field AKMAL
005 - DATE AND TIME OF LATEST TRANSACTION
control field 20200206120529.0
008 - FIXED-LENGTH DATA ELEMENTS--GENERAL INFORMATION
fixed length control field 20 t2011 nyua | 00010|eng|dd
020 ## - INTERNATIONAL STANDARD BOOK NUMBER
International Standard Book Number 9780071748759 :
Terms of availability RM100.00
040 ## - CATALOGING SOURCE
Original cataloging agency AKMAL
082 04 - DEWEY DECIMAL CLASSIFICATION NUMBER
Classification number 658.4063 GAL
Edition number 22
090 00 - LOCALLY ASSIGNED LC-TYPE CALL NUMBER (OCLC); LOCAL CALL NUMBER (RLIN)
Classification number (OCLC) (R) ; Classification number, CALL (RLIN) (NR) 658.4063
Local cutter number (OCLC) ; Book number/undivided call number, CALL (RLIN) GAL
100 1# - MAIN ENTRY--PERSONAL NAME
Personal name Gallo, Carmine
9 (RLIN) 9164
245 14 - TITLE STATEMENT
Title The innovation secrets of Steve Jobs :
Remainder of title insanely different : principles for breakthrough success /
Statement of responsibility, etc. Carmine Gallo
260 ## - PUBLICATION, DISTRIBUTION, ETC.
Place of publication, distribution, etc. New York :
Name of publisher, distributor, etc. McGraw-Hill,
Date of publication, distribution, etc. c2011
300 ## - PHYSICAL DESCRIPTION
Extent xiii, 241p. :
Other physical details ill. ;
Dimensions 24cm.
504 ## - BIBLIOGRAPHY, ETC. NOTE
Bibliography, etc. note Includes bibliographical references and ndex
600 10 - SUBJECT ADDED ENTRY--PERSONAL NAME
Personal name Jobs, Steven Paul,
Dates associated with a name 1955-2011
9 (RLIN) 9165
650 10 - SUBJECT ADDED ENTRY--TOPICAL TERM
Topical term or geographic name entry element New products
9 (RLIN) 7300
650 20 - SUBJECT ADDED ENTRY--TOPICAL TERM
Topical term or geographic name entry element Creative thinking
9 (RLIN) 1035
650 20 - SUBJECT ADDED ENTRY--TOPICAL TERM
Topical term or geographic name entry element Technological innovations
9 (RLIN) 1037
650 20 - SUBJECT ADDED ENTRY--TOPICAL TERM
Topical term or geographic name entry element Success in business
9 (RLIN) 1084
942 ## - ADDED ENTRY ELEMENTS (KOHA)
Source of classification or shelving scheme
Koha item type Book
Holdings
Withdrawn status Lost status Source of classification or shelving scheme Damaged status Not for loan Collection code Home library Current library Shelving location Date acquired Inventory number Total Checkouts Full call number Barcode Date last seen Price effective from Koha item type
          NON-FICTION AKMAL Melaka AKMAL Melaka PINJAMAN 06.02.2020 011266   658.4063 GAL 201707818 06.02.2020 06.02.2020 Book
Pusat Sumber Maklumat Dato' Haji Sarmin Md Hussin, Akademi Kastam Diraja Malaysia, Melaka
Tel: 06-2331106 | Faks: 06-2313787